4 to 13 letters quiz # F - Statistics

General Stats
  • This quiz has been taken 37 times
  • The average score is 5 of 10
Answer Stats
Hint Answer # of Letters % Correct
Oceania island nation Fiji 4
100%
Third most populated US state Florida 7
94%
Largest city in the German state of Hesse Frankfurt 9
88%
It borders both Suriname and Luxembourg France 6
82%
Seventh largest city in Michigan Flint 5
41%
Third most populated Pakistani city Faisalabad 10
35%
Oceanian capital Funafuti 8
26%
Capital city of Martinique Fort-de-France 12
24%
Second largest island of Spain’s Canary Islands Fuerteventura 13
24%
Small Greek island which helps form the southern part of the Cyclades Folegandros 11
3%
No matching quizzes found
Score Distribution
Percent of People with Each Score
Percentile by Number Answered
Your Score History
You have not taken this quiz